000 00579nam a2200217Ia 4500
003 OSt
005 20221007074842.0
006 a|||||r|||| 00| 0
007 ta
008 221006b |||||||| |||| 00| 0 eng d
024 _a3,075
037 _cTextual
040 _aFLL
_cFLL
_beng
041 _2eng
_aeng
082 _aZ2,211,1, L5
100 _aJoshi P.C. Au.
245 0 _aLand reforms in India
260 _aNew Delhi
_bAllied Publishers Private Limited India
_c1982
942 _hZ2,211,1, L5
_cTEXL
_2CC
999 _c1153916
_d1153916